[Event "Sharjah Masters 5th"]
[Site "Sharjah"]
[Date "2022.05.26"]
[Round "6"]
[White "Erigaisi, Arjun Kumar"]
[Black "Aryan, Chopra"]
[Result "1-0"]
[WhiteElo "2675"]
[BlackElo "2609"]
[PlyCount "133"]
[EventDate "2022.05.21"]
[EventType "swiss"]
[EventRounds "9"]
[EventCountry "UAE"]
[SourceTitle "CBM 208 Extra"]
[Source "ChessBase"]
[SourceDate "2022.07.31"]
[SourceVersion "1"]
[SourceVersionDate "2022.07.31"]
[SourceQuality "1"]

1. d4 Nf6 2. c4 e6 3. Nc3 Bb4 4. e3 O-O 5. Bd3 d5 6. a3 Bxc3+ 7. bxc3 dxc4 8. Bxc4 c5 9. Nf3 Qc7 10. Be2 b6 11. Bb2 cxd4 12. cxd4 Ba6 13. O-O Bxe2 14. Qxe2 Nbd7 15. e4 Rac8 16. Rfc1 Qb7 17. Re1 h6 18. Rab1 Rc7 19. Nd2 Rfc8 20. Nf1 Qc6 21. Ng3 $146 ({RR} 21. f3 Qc2 22. Qb5 Qc6 23. Qe2 Qc2 24. Ne3 Qxe2 25. Rxe2 Ne8 26. d5 Nc5 27. dxe6 Nxe6 28. Rd2 b5 29. Kf2 Rb7 30. h4 h5 31. Nd5 f6 32. Rbd1 a5 33. Bc3 Ra8 34. Rb2 Kf7 35. Be1 Ra6 {So,W (2770)-Giri,A (2780) Bucharest 2021 ½-½ (84)}) 21... Qc4 22. Qf3 Qa2 23. h3 Rc2 24. Ba1 Re8 25. Rf1 Qc4 26. Rbe1 Qc7 27. Qd1 Ra2 28. Qb3 Qc2 29. Qf3 Qa4 30. Re3 b5 31. d5 b4 32. dxe6 Rxe6 33. Nf5 Rxa3 34. Qg3 Ne8 35. Bd4 Qa6 36. Rc1 Rxe3 37. Qxe3 Qb7 38. f3 a5 39. Qb3 Kh7 40. Qa4 Ra6 41. Ne3 Nef6 42. Rd1 Qc6 43. Qb3 Qe6 44. Qd3 Kg8 45. e5 Ne8 46. f4 Ra8 47. f5 Qc6 48. f6 Qe6 49. Qe4 Rd8 50. fxg7 b3 51. Qf4 Nxg7 52. Ng4 Kh7 53. Bb2 Nh5 54. Qf3 Nxe5 55. Nxe5 Rxd1+ 56. Qxd1 Nf4 57. Qb1+ Kg8 58. Qe4 Nd5 59. Qc4 Nb4 60. Qc7 Qf5 61. Bc3 Qf4 62. Qc8+ Kh7 63. Ng4 Nd5 64. Be5 Qg5 65. Qh8+ Kg6 66. Qg7+ Kf5 67. Qxf7+ 1-0

[Event "Moscow Aeroflot op-A"]
[Site "Moscow"]
[Date "2020.02.19"]
[Round "1"]
[White "Erigaisi, Arjun Kumar"]
[Black "Badelka, Olga"]
[Result "0-1"]
[WhiteElo "2563"]
[BlackElo "2404"]
[PlyCount "80"]
[EventDate "2020.02.19"]
[EventType "swiss"]
[EventRounds "9"]
[EventCountry "RUS"]
[SourceTitle "CBM 195"]
[Source "ChessBase"]
[SourceDate "2020.04.30"]
[SourceVersion "1"]
[SourceVersionDate "2020.04.30"]
[SourceQuality "1"]

1. d4 Nf6 2. c4 e6 3. Nc3 Bb4 4. g3 O-O 5. Bg2 d5 6. Nf3 dxc4 7. a3 Bxc3+ 8. bxc3 c5 9. O-O Nc6 10. Bg5 h6 11. Bh4 cxd4 12. cxd4 g5 13. Nxg5 hxg5 14. Bxg5 Kg7 15. Bxc6 bxc6 16. e4 Qa5 17. e5 Nh7 $146 ({RR} 17... Rg8 18. Bxf6+ Kf8 19. Qe1 Qxe1 20. Rfxe1 Rb8 21. h4 Rg4 22. h5 Rxd4 23. Rad1 c5 24. Rc1 Bb7 25. Red1 Bf3 26. Re1 Kg8 27. Re3 Rb3 28. Kh2 Kh7 29. Rcc3 Rxc3 30. Rxc3 Bxh5 31. f3 Bg6 32. g4 {Kekelidze,M (2388)-Ter Sahakyan,S (2624) Chess.com INT 2021 1-0 (37)}) 18. Qg4 Nxg5 19. Qxg5+ Kh7 20. Qh4+ Kg7 21. Qg4+ Kh7 22. Rae1 Rg8 23. Qh4+ Kg7 24. Re4 Kf8 25. Rf4 Ke8 26. Qh7 Rf8 27. h4 Qd2 28. h5 c3 29. h6 c2 30. Qg7 c1=Q 31. Rxc1 Qxc1+ 32. Kh2 Ba6 33. h7 Ke7 34. Rh4 Rae8 35. h8=Q Rxh8 36. Rxh8 Rxh8+ 37. Qxh8 Bd3 38. Qb8 Qxa3 39. Qc7+ Kf8 40. Qxc6 Qb2 0-1

[Event "EU-Cup 37th"]
[Site "Mayrhofen"]
[Date "2022.10.08"]
[Round "6.1"]
[White "Erigaisi, Arjun Kumar"]
[Black "Bauer, Christian"]
[Result "1/2-1/2"]
[WhiteElo "2728"]
[BlackElo "2616"]
[PlyCount "115"]
[EventDate "2022.10.03"]
[EventType "team-swiss"]
[EventRounds "7"]
[EventCountry "AUT"]
[SourceTitle "EXT 2023"]
[Source "ChessBase"]
[SourceDate "2022.10.05"]
[SourceVersion "1"]
[SourceVersionDate "2022.10.05"]
[SourceQuality "1"]
[WhiteTeam "Ljubljana Tajfun"]
[BlackTeam "Zuerich SG"]
[WhiteTeamCountry "SLO"]
[BlackTeamCountry "SUI"]

1. d4 Nf6 2. c4 e6 3. Nc3 Bb4 4. f3 c5 5. d5 b5 6. e4 d6 7. a3 Bxc3+ 8. bxc3 bxc4 9. Bxc4 Qa5 10. Ne2 Ba6 11. Bxa6 Qxa6 12. dxe6 $146 ({RR} 12. Bg5 Nbd7 13. O-O O-O 14. Ng3 exd5 15. exd5 g6 16. Qd2 Qc4 17. Rad1 Rfe8 18. h4 Re5 19. Qf4 Qxf4 20. Bxf4 Rxd5 21. Bxd6 Re8 22. c4 Rxd1 23. Rxd1 Re3 24. h5 Kg7 25. h6+ Kg8 26. Ne4 Nxe4 {Kornyukov,A (2452)-Amanov,Z (2338) Chess.com INT 2020 0-1 (40)}) 12... fxe6 13. O-O Nbd7 14. Nf4 Kf7 15. Nd3 Rhe8 16. Bf4 Kg8 17. Qc2 Rab8 18. c4 e5 19. Bg5 Rb6 20. a4 Reb8 21. Ra3 Qb7 22. a5 Rb1 23. Nc1 Qb2 24. Qd3 Qd4+ 25. Be3 Qxd3 26. Rxd3 Ne8 27. Ne2 R1b4 28. Rc1 Ra4 29. Bd2 Nf8 30. Be1 Ne6 31. Rdd1 Rb2 32. Kf1 Nd4 33. Bc3 Nxe2 34. Bxb2 Nxc1 35. Rxc1 Rxa5 36. Bc3 Ra4 37. Bd2 Nf6 38. Bg5 Kf7 39. Bxf6 gxf6 40. Rb1 Rxc4 41. Rb7+ Kg6 42. Rxa7 h5 43. Rd7 Rd4 44. Ke2 f5 45. Ke3 h4 46. Re7 Kf6 47. Rh7 c4 48. Rc7 Ke6 49. g3 h3 50. Rh7 d5 51. Rh6+ Kd7 52. exd5 Rxd5 53. Rxh3 c3 54. Rh7+ Kc6 55. Rh8 Kd7 56. Rh7+ Kc6 57. Rh8 Kd7 58. Rh7+ 1/2-1/2

[Event "ChessKid Cup Play-In"]
[Site "chess.com INT"]
[Date "2023.05.01"]
[Round "9.19"]
[White "Erigaisi, Arjun"]
[Black "Bok, B.."]
[Result "1-0"]
[WhiteElo "2701"]
[BlackElo "2607"]
[PlyCount "61"]
[EventDate "2023.05.01"]

1. d4 {Krasenkow,Michal} Nf6 2. c4 e6 3. Nc3 Bb4 4. f3 c5 5. d5 b5 6. e4 d6 7. cxb5 ({RR} 7. Bd2 Bxc3 8. Bxc3 b4 9. Bd2 O-O 10. Ne2 ({RR} 10. Be3 exd5 11. cxd5 Nfd7 ({RR} 11... Nh5 12. g4) ({RR} 11... a5 12. Ne2) ({RR} 11... Ne8 12. Ne2 f5 13. Nf4 fxe4 14. fxe4 Qe7 15. Bd3 Nc7 16. O-O Nd7) 12. Ne2 f5 13. Nf4 ({RR} 13. exf5 Rxf5 14. Ng3 Re5 15. Kf2) 13... Ne5 14. Ne6 Bxe6 15. dxe6 Nbc6 16. f4 ({RR} 16. Bb5 Qb6) 16... Ng4 17. Bc4 Qe7 18. Qf3 Nxe3 ({RR} 18... Nd4 19. Bxd4 cxd4 20. exf5 Ne3 21. Bd3) 19. Qxe3 Nd4 20. Rc1 Kh8) 10... Nh5 ({RR} 10... exd5 11. cxd5 ({RR} 11. exd5 Nh5) 11... Nh5) 11. Be3 ({RR} 11. h4 f5 ({RR} 11... Nd7 12. Bg5 f6 13. Bc1 Ne5 14. f4 Ng4 15. dxe6 Bxe6 16. f5) ({RR} 11... exd5 12. Bg5 Qd7 13. g4 ({RR} 13. Qxd5 Bb7) 13... dxe4 14. gxh5 exf3 15. Ng3) 12. dxe6 fxe4 13. Bg5 Qe8 14. e7 Rf7) 11... f5 12. dxe6 Bxe6 13. exf5 Rxf5 14. Qd2 Nd7 15. O-O-O Qa5 16. Kb1 ({RR} 16. Qxd6 Re8 17. Kb1 Re5 18. Bf2 Bxc4) ({RR} 16. b3 Re8 17. Ng3 Re5) 16... Bxc4 17. Nc1 Bf7 18. Qxd6 Nhf6 19. Qc6 ({RR} 19. Bf2) 19... Re8 20. Bf2 Nb8 21. Qb5 c4 {Caruana,F (2828)-Aronian,L (2767) Stavanger 2020 CBM 199 [Krasenkow,Michal] 0-1 (52)}) 7... exd5 8. exd5 Nbd7 $146 ({RR} 8... O-O 9. Bd3 a6 10. Nge2 Qb6 11. a3 axb5 12. Bxb5 Bxc3+ 13. Nxc3 Ba6 14. Bxa6 Qxa6 15. Kf2 Nbd7 16. Qc2 Ne5 17. Rd1 Rfe8 18. Bf4 Nfd7 19. Kg1 c4 20. Ne4 Nd3 21. Bg3 N7e5 22. Kh1 Rab8 23. Rab1 {Erigaisi,A (2722)-Grischuk,A (2745) Almaty KAZ 2022 1-0 (48)}) ({RR} 8... O-O 9. Bc4 Bxc3+ 10. bxc3 Nbd7 11. Bf4 Nb6 12. Qb3 Nxc4 13. Qxc4 a6 14. b6 Qxb6 15. Rd1 Re8+ 16. Kf2 a5 17. Qb3 Qc7 18. c4 Rb8 19. Qd3 Rb2+ 20. Rd2 Qe7 21. Ne2 Bf5 22. Qc3 Qxe2+ 23. Rxe2 {Vicient Calvo,R (2099)-Karthik,R (2382) Benasque ESP 2024 0-1}) 9. Qe2+ Kf8 10. a3 Bxc3+ 11. bxc3 Nxd5 12. c4 N5b6 13. Bb2 Na4 14. O-O-O Nxb2 15. Qxb2 Nb6 16. Nh3 Qe7 17. Bd3 Bxh3 18. gxh3 Re8 19. Rhe1 Qxe1 20. Rxe1 Rxe1+ 21. Kd2 Re5 22. a4 g5 23. a5 Nd7 24. b6 axb6 25. a6 Kg7 26. Be4 Rhe8 27. a7 d5 28. Bxd5 Nf6 29. Qxe5 Rxe5 30. a8=Q Rf5 31. Qb7 1-0

[Event "Commonwealth-ch"]
[Site "New Delhi"]
[Date "2019.07.06"]
[Round "8"]
[White "Erigaisi, Arjun Kumar"]
[Black "Debashis, Das"]
[Result "1-0"]
[WhiteElo "2526"]
[BlackElo "2544"]
[PlyCount "73"]
[EventDate "2019.06.30"]
[EventType "swiss"]
[EventRounds "9"]
[EventCountry "IND"]
[SourceTitle "CBM 191 Extra"]
[Source "ChessBase"]
[SourceDate "2019.09.30"]
[SourceVersion "1"]
[SourceVersionDate "2019.09.30"]
[SourceQuality "1"]

1. d4 Nf6 2. c4 e6 3. Nc3 Bb4 4. Qc2 b6 5. e4 c5 6. d5 O-O ({RR} 6... Qe7 7. Nge2 exd5 8. exd5 O-O 9. Bd2 d6 10. O-O-O Ng4 11. Be1 Qg5+ 12. Kb1 Bf5 13. Rd3 Ne5 14. Nc1 Nbd7 15. a3 Ba5 16. Ka2 Nxc4 17. Qd1 Bxd3 18. Bxd3 Nce5 19. Bc2 Qe7 20. f4 Ng6 21. Bd2 {Tang,A (2538)-Firouzja,A (2759) Chess.com INT 2021 0-1 (60)}) 7. Nge2 $146 ({RR} 7. Bd3 exd5 8. cxd5 Re8 9. Nge2 c4 10. Bxc4 Nxe4 11. O-O Nxc3 12. bxc3 Qc7 13. Bd3 Bd6 14. Bb2 Bb7 15. Ng3 Bxd5 16. c4 Bb7 17. Bxh7+ Kh8 18. Qf5 Qc6 19. Bxg7+ Kxg7 20. Nh5+ Kf8 21. Qg5 Be5 {Shepherd,M (2071)-Lutton,E (2045) Port Erin 2002 ½-½}) ({RR} 7. Nf3 d6 8. Be2 Bxc3+ 9. bxc3 Re8 10. O-O exd5 11. exd5 Nbd7 12. Bf4 Nf8 13. Bd3 Ng6 14. Bg3 Nh5 15. Rfe1 Nxg3 16. hxg3 Bg4 17. Rxe8+ Qxe8 18. Re1 Qf8 19. Ng5 Re8 20. Rxe8 Qxe8 21. Bf5 Bxf5 {Ozkan,T (2295)-Harika,D (2517) Chess.com INT 2022 ½-½ (56)}) 7... d6 8. a3 Ba5 9. f3 b5 10. cxb5 exd5 11. exd5 a6 12. Bd2 Bd7 13. bxa6 Nxa6 14. Ng3 Re8+ 15. Be2 Nc7 16. O-O Ncxd5 17. Nxd5 Nxd5 18. Ne4 Bf5 19. Rad1 Re5 20. Bc4 Bxd2 21. Qxd2 Bxe4 22. fxe4 Nf6 23. Qxd6 Qxd6 24. Rxd6 Rxe4 25. Rdxf6 gxf6 26. Bd5 Ree8 27. Bxa8 Rxa8 28. Rxf6 Rb8 29. Rf2 c4 30. Rc2 Kg7 31. Kf2 Kf6 32. Ke3 Ke5 33. Kd2 Kd4 34. Kc1 f5 35. Rf2 c3 36. bxc3+ Kxc3 37. Rxf5 1-0

[Event "Olympiad-44"]
[Site "Chennai"]
[Date "2022.08.09"]
[Round "11.3"]
[White "Erigaisi, Arjun Kumar"]
[Black "Dominguez Perez, Leinier"]
[Result "1-0"]
[WhiteElo "2689"]
[BlackElo "2754"]
[PlyCount "97"]
[EventDate "2022.07.29"]
[EventType "team-swiss"]
[EventRounds "11"]
[EventCountry "IND"]
[SourceTitle "EXT 2023"]
[Source "ChessBase"]
[SourceDate "2022.10.05"]
[SourceVersion "1"]
[SourceVersionDate "2022.10.05"]
[SourceQuality "1"]
[WhiteTeam "India"]
[BlackTeam "US of America"]
[WhiteTeamCountry "IND"]
[BlackTeamCountry "USA"]

1. d4 Nf6 2. c4 e6 3. Nc3 Bb4 4. f3 d5 5. a3 Be7 6. e4 dxe4 7. fxe4 c5 8. d5 exd5 9. exd5 O-O 10. Be2 a6 11. Nf3 Bd6 12. O-O h6 13. h3 Re8 14. Bd3 Nbd7 15. a4 $146 ({RR} 15. b3 Ne5 16. Ra2 Nxd3 17. Qxd3 Bd7 18. g4 b5 19. g5 bxc4 20. bxc4 Bxh3 21. gxf6 Bxf1 22. Kxf1 Qxf6 23. Ne4 Qf5 24. Nf2 Qxd3+ 25. Nxd3 Re4 26. Rc2 Rb8 27. Nf2 Re7 28. Nh4 Rbe8 29. Nd3 Re4 {Erigaisi,A (2701)-Moiseenko,A (2573) chess.com INT 2023 ½-½ (58)}) ({RR} 15. Qc2 Ne5 16. Nxe5 Bxe5 17. Bf4 Bd4+ 18. Kh1 Bd7 19. Rae1 Rxe1 20. Rxe1 Qb6 21. Re7 Re8 22. Rxe8+ Nxe8 23. Qe2 Kf8 24. d6 Bxc3 25. Qe7+ Kg8 26. Qxd7 Nxd6 27. bxc3 {1-0 (27) Potapova,M (2226)-Abdurakhmonov,M (2392) chess.com INT 2025}) 15... Nf8 16. b3 Bc7 17. Re1 Rxe1+ 18. Qxe1 Qd6 19. Ne2 Qe7 20. Bf4 Bxf4 21. Nxf4 Qxe1+ 22. Rxe1 Bd7 23. a5 Re8 24. Rd1 Bc8 25. Ne2 N8d7 26. Nc3 Kf8 27. Kf2 Ke7 28. Re1+ Kd8 29. Na4 Rxe1 30. Nxe1 g6 31. Ke3 Ke7 32. Bc2 Kd6 33. Nd3 Ng8 34. b4 cxb4 35. Kd4 Ngf6 36. Nxb4 Nh5 37. c5+ Kc7 38. Bb3 f6 39. d6+ Kd8 40. c6 bxc6 41. Nxc6+ Ke8 42. Nb6 Nxb6 43. axb6 Kd7 44. Ne7 Bb7 45. Kc5 Nf4 46. Ba4+ Kd8 47. Bc6 Ne6+ 48. Kd5 Nf4+ 49. Kc4 1-0

[Event "chess.com SpeedChess 2024"]
[Site "chess.com INT"]
[Date "2024.07.25"]
[Round "1.16"]
[White "Erigaisi, Arjun"]
[Black "Duda, J.."]
[Result "0-1"]
[WhiteElo "2778"]
[BlackElo "2733"]
[PlyCount "103"]
[EventDate "2024.07.25"]
[EventType "k.o."]

1. c4 Nf6 2. Nf3 b6 3. Nc3 Bb7 4. d4 e6 5. Qc2 Bb4 6. Bd2 O-O 7. e3 d6 8. Bd3 Nbd7 9. a3 Bxc3 10. Bxc3 Re8 ({RR} 10... c5 11. Ng5 h6 12. Nh7 Nxh7 13. Bxh7+ Kh8 14. Be4 Bxe4 15. Qxe4 d5 16. Qd3 dxc4 17. Qxc4 cxd4 18. Qxd4 e5 19. Qd5 Nc5 20. Rd1 Qxd5 21. Rxd5 Rfd8 22. Rxd8+ Rxd8 23. Ke2 f6 24. Rc1 Kg8 25. f3 {Vitiugov,N (2721)-Duda,J (2660) Tallinn 2016 ½-½}) ({RR} 10... c5 11. O-O Rc8 12. Nd2 h6 13. b3 Rc7 14. f3 d5 15. a4 a5 16. Rfd1 Qe7 17. Qb2 Rfc8 18. Rac1 cxd4 19. exd4 Nh5 20. Nb1 Nf4 21. Bf1 Qg5 22. Kh1 Qf5 23. Na3 Bc6 24. Bd2 h5 25. Be3 {Deac,B (2692)-Zhigalko,S (2572) chess.com INT 2024 1-0 (61)}) 11. e4 e5 12. d5 c6 13. O-O $146 ({RR} 13. Nd2 Rc8 14. O-O Nh5 15. Rfc1 Ndf6 16. Bf1 Rc7 17. g3 Qc8 18. f3 h6 19. Qd1 g6 20. Be2 Qh3 21. Nf1 c5 22. b4 Kh7 23. Ne3 Ng7 24. Bf1 Qc8 25. Qd2 Ng8 26. Bd3 Qd8 27. Rf1 Bc8 {Vardaan,N (2331)-Large,P (2251) London ENG 2023 1-0 (42)}) 13... Nc5 14. dxc6 Bxc6 15. Rfe1 Rc8 16. b4 Nxd3 17. Qxd3 Bxe4 18. Rxe4 Nxe4 19. Qxe4 d5 20. Qf5 d4 21. Bd2 Qf6 22. Qxf6 gxf6 23. Rc1 Re6 24. b5 f5 25. Bb4 f6 26. Kf1 Kf7 27. Ke2 Ree8 28. a4 Rc7 29. Nd2 Rec8 30. f3 Ke6 31. Kd3 h5 32. g3 Rg8 33. Re1 h4 34. Nf1 hxg3 35. hxg3 Rh8 36. f4 Rh3 37. a5 Rd7 38. axb6 e4+ 39. Kc2 axb6 40. Ra1 Rh1 41. Kd2 Rc7 42. Rc1 Rg1 43. Ke1 Rg2 44. c5 bxc5 45. b6 Rb7 46. Bxc5 Kd5 47. Kd1 e3 48. Ke1 Rb2 49. Bf8 R7xb6 50. Rd1 e2 51. Ne3+ Ke4 52. Rxd4+ 0-1

[Event "FIDE Grand Swiss"]
[Site "Riga"]
[Date "2021.10.27"]
[Round "1"]
[White "Erigaisi, Arjun Kumar"]
[Black "Esipenko, Andrey"]
[Result "1/2-1/2"]
[WhiteElo "2634"]
[BlackElo "2720"]
[PlyCount "85"]
[EventDate "2021.10.27"]
[EventType "swiss"]
[EventRounds "11"]
[EventCountry "LAT"]
[SourceTitle "CBM 205"]
[Source "ChessBase"]
[SourceDate "2021.11.30"]
[SourceVersion "1"]
[SourceVersionDate "2021.11.30"]
[SourceQuality "1"]

1. d4 Nf6 2. c4 e6 3. Nc3 Bb4 4. f3 d5 5. a3 Be7 6. e4 dxc4 7. Bxc4 c5 8. dxc5 Qxd1+ 9. Kxd1 Bxc5 10. b4 Bb6 11. Nge2 O-O 12. Na4 Bc7 13. Be3 Rd8+ $146 ({RR} 13... Nc6 14. Rc1 Ne5 15. Bb3 Rd8+ 16. Kc2 Bd7 17. Nc5 a5 18. Kb1 axb4 19. axb4 Nc6 20. b5 Na5 21. Ba2 Bxb5 22. Nd4 Bf4 23. Bxf4 Rxd4 24. Kb2 Rb4+ 25. Kc3 Nc6 26. Bb3 b6 27. Ra1 Rc8 28. Nb7 {Sethuraman,S (2625)-Hakobyan,A (2612) Dubai 2022 ½-½ (40)}) 14. Kc2 Nbd7 15. Rac1 a6 16. Kb1 b5 17. Ba2 Ne8 18. Bg5 bxa4 19. Rxc7 Nxc7 20. Bxd8 Nb5 21. Kb2 Bb7 22. Be7 Re8 23. Bh4 h6 24. Rd1 Bc6 25. Bg3 Rc8 26. Nf4 Kf8 27. Rc1 Ke7 28. Nd3 Nd6 29. Nc5 Nxc5 30. Rxc5 Nb7 31. Rc3 Kd7 32. Rd3+ Ke7 33. Rc3 Kd7 34. Be5 f6 35. Bg3 e5 36. Bc4 Ra8 37. Bf2 Nd6 38. Rd3 Bb5 39. Bxb5+ axb5 40. Bc5 Ra6 41. Rd5 Kc7 42. Bxd6+ Rxd6 43. Rxd6 1/2-1/2

[Event "FRA-chT Top 16 GpB"]
[Site "Chartres"]
[Date "2022.06.15"]
[Round "7.1"]
[White "Erigaisi, Arjun Kumar"]
[Black "Esipenko, Andrey"]
[Result "1/2-1/2"]
[WhiteElo "2681"]
[BlackElo "2705"]
[PlyCount "70"]
[EventDate "2022.06.09"]
[EventType "team-tourn"]
[EventRounds "7"]
[EventCountry "FRA"]
[SourceTitle "CBM 208 Extra"]
[Source "ChessBase"]
[SourceDate "2022.07.31"]
[SourceVersion "1"]
[SourceVersionDate "2022.07.31"]
[SourceQuality "1"]
[WhiteTeam "Mulhouse Philidor"]
[BlackTeam "Asnieres"]
[WhiteTeamCountry "FRA"]
[BlackTeamCountry "FRA"]

1. d4 Nf6 2. c4 e6 3. Nc3 Bb4 4. e3 O-O 5. Bd3 d5 6. a3 Bxc3+ 7. bxc3 dxc4 8. Bxc4 c5 9. Nf3 Qc7 10. Be2 b6 11. O-O Nc6 12. Bb2 Rd8 13. c4 Bb7 14. Rc1 Rac8 15. Re1 Ne7 16. Ne5 Ng6 17. Nd3 ({RR} 17. Nxg6 hxg6 18. a4 cxd4 19. exd4 Qf4 20. Qb3 Ne4 21. f3 Nd6 22. Bd3 Ba6 23. Rc2 Nf5 24. Bxf5 gxf5 25. Rec1 Kh7 26. h3 Rc6 27. Kh1 {½-½ (27) Parligras,M (2518)-Davtyan,A (2391) Eforie Nord ROU 2025}) 17... Ne4 $146 ({RR} 17... Qe7 18. Bf1 h5 19. Qe2 h4 20. f3 Nh7 21. dxc5 h3 22. g3 Ng5 23. e4 f5 24. exf5 Nh4 {0-1 (24) Jacobson,B (2551)-Sadhwani,R (2628) Saint Louis USA 2022}) 18. Bf1 Nd6 19. d5 exd5 20. cxd5 Bxd5 21. Nxc5 Nc4 22. Nd3 Nxb2 23. Nxb2 Qb7 24. Qa4 Qe7 25. Nd3 Ba8 26. Qa6 Rxc1 27. Rxc1 Qd7 28. Rc4 Qe7 29. Rc8 Rf8 30. h3 h6 31. Rxf8+ Nxf8 32. Qc8 Be4 33. a4 Qd7 34. Qc4 Bd5 35. Qb4 Ne6 1/2-1/2

[Event "FIDE World Bl Team Pool D"]
[Site "London ENG"]
[Date "2025.06.14"]
[Round "5.1"]
[White "Erigaisi, Arjun"]
[Black "Fernandez, Dan SIN"]
[Result "1-0"]
[WhiteElo "2782"]
[BlackElo "2484"]
[PlyCount "101"]
[EventDate "2025.06.14"]
[EventType "team"]
[WhiteTeam "Team MGD1"]
[BlackTeam "English Knightmares"]

1. d4 {RR Rafael Leitao} Nf6 2. c4 e6 3. Nc3 Bb4 4. g3 O-O 5. Bg2 d5 6. a3 ({RR} 6. Nf3 dxc4 7. O-O Nc6 8. a3 Be7 9. e4 Na5 10. Be3 Nb3 11. Rb1 c5 12. dxc5 Bxc5 13. Bxc5 Nxc5 14. Qe2 b6 15. Rfd1 Qe8 16. Qxc4 Ba6 17. Qd4 Rd8 18. Qe3 Rxd1+ 19. Rxd1 Na4 20. e5 Nxc3) 6... Bxc3+ ({RR} 6... Be7) 7. bxc3 dxc4 ({RR} 7... c6) ({RR} 7... c5) 8. a4 ({RR} 8. Nf3 c5 9. O-O cxd4 10. Qxd4 Nc6 11. Qxc4 e5) ({RR} 8. Nf3 c5 9. O-O cxd4 10. Qxd4 Nc6 11. Qxc4 e5 12. Bg5 h6 13. Rfd1 Be6 14. Rxd8 Bxc4 15. Rxa8 Rxa8 16. Bxf6 gxf6 17. Kf1 Rd8 18. Ke1 Na5 19. Rd1 Rc8 20. Nd2 Be6 21. c4 Bxc4 22. Nxc4 Rxc4) ({RR} 8. Qa4 Bd7 9. Qxc4 Bc6 10. f3 Qd7 11. e4 Bb5 12. Qa2 Qc6 13. a4 Bc4 14. Qd2 Qa6 15. Ne2 c5 16. Ba3 Nbd7 17. Kf2 Rfd8 18. Qe3 Rac8 19. Rhe1 b6 20. Kg1 Qa5 21. Bb2 Nb8 22. g4 Nc6) 8... Re8 ({RR} 8... c5 9. Ba3 ({RR} 9. a5) ({RR} 9. a5 Na6 10. Nf3 Nd5 11. Bb2 Bd7 12. e4 Ne7 13. O-O Rc8 14. Ne5 Bb5 15. d5 Qd6 16. Ng4 exd5 17. exd5 Rcd8 18. Ne3 Nc7 19. Qh5 Ncxd5 20. Rfd1 Bc6 21. Nxc4 Qc7 22. Nd2 b6 23. c4 Nb4) 9... Qa5 10. Qc2 Rd8 ({RR} 10... Re8 11. Bxc5 e5) 11. Bxc5 Na6 ({RR} 11... Nc6 12. Bxc6 ({RR} 12. Nf3 Ne4) 12... bxc6) ({RR} 11... Nd5 12. Nf3 ({RR} 12. Bxd5 exd5) 12... Na6 13. Ba3 Qxc3+ 14. Qxc3 Nxc3 15. Nd2) 12. Be7 Rxd4 13. Nf3 Rd7 14. Bxf6 gxf6 15. Nd2 Qc7 ({RR} 15... Rc7) 16. a5 Rb8 17. O-O ({RR} 17. Ra4 b5 ({RR} 17... Nc5 18. Rxc4 Qxa5 19. O-O) 18. axb6 Qxb6) 17... b5 18. axb6 axb6 19. Ne4 Kg7 20. g4 Nc5 21. Ng3 Qe5 22. Rad1 ({RR} 22. Kh1 Kh8 23. f4 Qc7 24. f5 Bb7) 22... b5 23. f4 {Erigaisi Arjun (2782)-Gukesh D (2787) Chess.com 2025 [Rafael Leitao] 1-0 (62)}) ({RR} 8... Nc6) ({RR} 8... c5 9. Ba3 Qa5 10. Qc2 Rd8 11. Bxc5 Na6 12. Be7 Rxd4 13. Nf3 Rd7 14. Bxf6 gxf6 15. Nd2 Qc7 16. a5 Rb8 17. O-O b5 18. axb6 axb6 19. Ne4 Kg7 20. g4 Nc5 21. Ng3 Qe5 22. Rad1 b5 23. f4 {Erigaisi,A (2782)-Gukesh,D (2787) Stavanger NOR 2025 [RR] 1-0 (62)}) 9. Nf3 Bd7 $146 ({RR} 9... c5 10. Ne5 Qa5 11. Qd2 Qa6 12. O-O Nbd7 13. f4 cxd4 14. cxd4 Nd5 15. e4 Ne7 16. Qc3 Nxe5 17. fxe5 Ng6 18. h4 Bd7 19. h5 Nh8 20. a5 b6 21. h6 Rec8 22. Qf3 Be8 23. Bg5 c3 24. d5 {Bronstein,O (2443)-Cieslak,P (2442) Ceske Budejovice CZE 2025 ½-½ (57)}) 10. Ne5 Bc6 11. Nxc6 Nxc6 12. a5 Nd5 13. Qd2 b6 14. e4 Nxa5 15. Rxa5 bxa5 16. exd5 exd5+ 17. Kf1 Qd7 18. h4 Rab8 19. Bf3 a4 20. Kg2 Rb3 21. Bd1 Qe7 22. Bxb3 axb3 23. Qe3 Qd7 24. Qf3 a5 25. Ba3 h6 26. Ra1 a4 27. Bb2 Re4 28. Bc1 Qe8 29. Ba3 c6 30. h5 Re2 31. Qf5 Qe6 32. Qxe6 fxe6 33. Kf3 Rc2 34. Bb4 Kf7 35. Kf4 g5+ 36. hxg6+ Kxg6 37. Ke5 Rxf2 38. Kxe6 Kg5 39. Kd6 Rf6+ 40. Ke5 Rf3 41. Kd6 Rf6+ 42. Kd7 Kg4 43. Bc5 b2 44. Rb1 Rf2 45. Kxc6 Kxg3 46. Kxd5 h5 47. Kxc4 h4 48. d5 Rd2 49. d6 h3 50. Bd4 a3 51. Kb3 1-0

[Event "Plovdiv Round Table U21 op"]
[Site "Plovdiv"]
[Date "2021.09.30"]
[Round "6"]
[White "Erigaisi, Arjun Kumar"]
[Black "Gukesh, Dommaraju"]
[Result "1-0"]
[WhiteElo "2626"]
[BlackElo "2599"]
[PlyCount "125"]
[EventDate "2021.09.26"]
[EventType "swiss"]
[EventRounds "9"]
[EventCountry "BUL"]
[SourceTitle "CBM 204 Extra"]
[Source "ChessBase"]
[SourceDate "2022.09.12"]
[SourceVersion "1"]
[SourceVersionDate "2022.09.12"]
[SourceQuality "1"]

1. d4 {Giri,Anish} Nf6 2. c4 e6 3. Nc3 Bb4 4. e3 O-O 5. Bd2 d5 6. Nf3 b6 7. cxd5 exd5 8. Rc1 c5 9. dxc5 ({RR} 9. Be2 c4 10. O-O ({RR} 10. b3 Bxc3 11. Bxc3 b5 12. a4 a6) 10... a6 11. Ne5 b5 12. a4 Qb6 13. Qc2 Nc6 14. Bf3 Ne7 15. b3 Bf5 16. Qb2 Rab8 17. axb5 axb5 18. g4 ({RR} 18. bxc4 bxc4 19. Ne2) 18... Nxg4 19. Nxg4 Bxg4 20. Nxd5 ({RR} 20. Bxg4 Qg6 21. f3 f5) 20... Bxf3 ({RR} 20... Nxd5 21. Bxd5 Qg6 22. Kh1) 21. Nxb6 Rxb6 22. Rfd1 Rg6+ 23. Kf1 Bd6 {Gupta,A (2628)-Giri,A (2774) Chess.com INT 2021 CBM 204 Extra [Giri,Anish] 0-1 (34)}) ({RR} 9. a3 Ba5 10. b4 cxb4 11. Nb5 Na6 12. axb4 Bxb4 13. Qa4 Qe7 14. Bd3 Ne4 15. Bxe4 dxe4 16. Ne5 Bxd2+ 17. Kxd2 Bb7 18. Rc3 Rfd8 19. Nc6 Bxc6 20. Rxc6 Nc5 21. Qc4 h6 22. Ke2 Nd3 23. Rc7 Qf6 {Maghsoodloo,P (2701)-Gukesh,D (2614) Warsaw 2021 0-1}) 9... bxc5 10. Na4 ({RR} 10. a3 Ba5 11. Bd3 d4 12. exd4 Bxc3 13. Bxc3 Re8+ 14. Kf1 cxd4 15. Nxd4 Bg4 16. Be2 Bxe2+ 17. Nxe2 Qe7 18. Nd4 Nbd7 19. h4 Ne5 20. Rh3 Neg4 21. Qf3 Rac8 22. Nf5 Qe6 23. Re1 Qa6+ 24. Kg1 Rxe1+ {Mattenberger,M (2286)-Gabrielian,A (2419) chess.com INT 2025 0-1}) 10... Bxd2+ 11. Nxd2 d4 $146 ({RR} 11... c4 12. b3 Bb7 13. Be2 Bc6 14. bxc4 d4 15. Bf3 dxe3 16. fxe3 Qe8 17. Bxc6 Qxe3+ 18. Qe2 Qxe2+ 19. Kxe2 Nxc6 20. Rhe1 Rad8 21. Nf3 Nb4 22. Rb1 Nd3 23. Red1 Rfe8+ 24. Kf1 Ng4 25. Kg1 Ne3 26. Rd2 {Krasteva,B (2305)-Petrosyan,M (2625) Veliko Gradiste 2021 0-1 (52)}) 12. Be2 dxe3 13. fxe3 Nbd7 14. O-O Qe7 15. Qb3 Bb7 16. Rf5 Rfd8 17. Nf1 Be4 18. Rf4 Rab8 19. Qa3 Nd5 20. Rf2 Nb4 21. Bc4 Bg6 22. Rd2 Rdc8 23. Rcd1 Ne5 24. Qc3 h5 25. a3 h4 26. h3 Nbc6 27. Ba6 Re8 28. Nxc5 Bh5 29. Be2 Bxe2 30. Rxe2 Rbc8 31. Ne4 Red8 32. Rxd8+ Rxd8 33. Rd2 Rb8 34. Qc2 Na5 35. Nd6 Qe6 36. Qc7 Nac6 37. b4 a6 38. Rf2 Rd8 39. Ne4 Rd1 40. Qb7 Qc4 41. Qc8+ Rd8 42. Qf5 g6 43. Nf6+ Kg7 44. Qg5 Rh8 45. Rf4 Qe6 46. Nd2 Ne7 47. e4 Qd6 48. Rf1 N5c6 49. Kh1 Qe5 50. Qg4 Qc3 51. Qf4 Nd8 52. Ng4 Rh5 53. Qd6 Ndc6 54. Nf3 Nc8 55. Qf4 N8e7 56. Ng5 f5 57. exf5 gxf5 58. Ne6+ Kg8 59. Nh6+ Kh7 60. Ng5+ Kg6 61. Nxf5 Nd5 62. Nxh4+ Kh6 63. Qf8+ 1-0